श्रीमद्भगवद्गीता: तत्वविवेचनी हिन्दी - टीका पदच्छेद, अन्वयसहित (Record no. 1235579)
[ view plain ]
| 000 -LEADER | |
|---|---|
| fixed length control field | 00874nam a2200229Ia 4500 |
| 005 - DATE AND TIME OF LATEST TRANSACTION | |
| control field | 20250108125049.0 |
| 008 - FIXED-LENGTH DATA ELEMENTS--GENERAL INFORMATION | |
| fixed length control field | 008 250107s9999 xx 000 0 hin d |
| 020 ## - INTERNATIONAL STANDARD BOOK NUMBER | |
| International Standard Book Number | 978-93-81480-69-4 |
| 037 ## - SOURCE OF ACQUISITION | |
| Stock number | TB |
| 040 ## - CATALOGING SOURCE | |
| Original cataloging agency | CRL |
| Language of cataloging | hin |
| Transcribing agency | CRL |
| 041 ## - LANGUAGE CODE | |
| Language code of text/sound track or separate title | hin |
| Source of code | hin |
| 084 ## - COLON CLASSIFICATION NUMBER | |
| Classification number | Y:1.2 P7 |
| 084 ## - COLON CLASSIFICATION NUMBER | |
| Assigning agency | CRL |
| 100 ## - MAIN ENTRY--PERSONAL NAME | |
| Personal name | गोयन्दका, जयदयाल, अनु. |
| 245 #0 - TITLE STATEMENT | |
| Title | श्रीमद्भगवद्गीता: तत्वविवेचनी हिन्दी - टीका पदच्छेद, अन्वयसहित |
| Statement of responsibility, etc. | गोयन्दका, जयदयाल, अनु. |
| 260 ## - PUBLICATION, DISTRIBUTION, ETC. | |
| Place of publication, distribution, etc. | गोरखपुर, भारत |
| Name of publisher, distributor, etc. | गीताप्रेस |
| Date of publication, distribution, etc. | 3191 |
| 300 ## - PHYSICAL DESCRIPTION | |
| Extent | 959पृ0 |
| 365 ## - TRADE PRICE | |
| Price type code | INR |
| Price amount | 595 |
| 650 ## - SUBJECT ADDED ENTRY--TOPICAL TERM | |
| Topical term or geographic name entry element | दर्शनशास्त्र |
| 942 ## - ADDED ENTRY ELEMENTS (KOHA) | |
| Koha item type | Textbook |
| Classification part | Y:1.2 P7 |
| Withdrawn status | Lost status | Damaged status | Not for loan | Home library | Current library | Date acquired | Source of acquisition | Cost, normal purchase price | Total Checkouts | Full call number | Barcode | Date last seen | Date last checked out | Price effective from | Koha item type |
|---|---|---|---|---|---|---|---|---|---|---|---|---|---|---|---|
| Central Library | Arts Library | 2025-01-08 | Gift, 03/11/2023, | 595.00 | 1 | R65,6 152Q4 | CL1699202 | 2026-03-11 | 2026-02-04 | 2025-01-08 | Textbook |
